01668nam a2200337 4500001000400000003000400004005001700008008004100025020001500066040000800081041001300089082001700102100003400119240002600153245008600179260003200265300001100297520058600308650002900894650003200923650003600955650002400991650003801015655001601053655002001069700003801089830002901127942001501156952014601171999001301317453OSt20250701145127.0250701b |||||||g |||| 00| j eng d a8532513514 bpor hengapor a028.5bA649s1 aApplegate, Katherine.d1956 - aAnimorphs: the secret aAnimorphs:bO segredo /cApplegate, Katherine; Tradução de Regina Stela Braga aRio de JaneirobRoccoc2002 a141 p. aTem uma coisa muito estranha acontecendo na mata atrás da casa de Cassie. No lugar que Ax e Tobias chamam de lar. Parece que os Yeerks descobriram uma coisa muito importante: os Andalitas não podem viver sem um lugar para pastar. Visser três sabe que os "bandidos Andalitas" não se alimentam no mesmo lugar que ele, por isso só podem pastar em outro local. Agora Cassie, Marco, Jake, Rachel, Tobias e Ax têm de encontrar um meio de deter o avanço de uma madeireira de mentira. Porque se Visser Três encontrar Ax na mata, nada vai impedi-lo de encontrar os Animorphs 0aLiteratura Americana984 0aInvasão alienígena9986 0aAdolescentes como heróis9987 0aInfantojuvenil9200 0aTransformação em animais9988 0aRomance923 0aFicção 922 aRegina Stela BragaeTRADUTOR9989 aAnimorphs 9985vvol. 09 2ddcn0cBK 00102ddc3vol. 0940708FICaBIBIBbBIBIBcIJd2025-07-01edoaçãol0oIJ 028.5 / A649sp2025-17384r2025-07-01 09:51:45w2025-07-01yBK c453d453